000 01325nam a2200337Ia 4500
001 ebr10713283
003 CaPaEBR
006 m o u
007 cr cn|||||||||
008 020524s2003 nyua sb 001 0 eng d
010 _z 2002008263
020 _z0801440149 (cloth : alk. paper)
020 _z9780801468803
020 _z9780801489143
040 _aCaPaEBR
_cCaPaEBR
035 _a(OCoLC)605327300
050 1 4 _aDS935.55
_b.A76 2003eb
082 0 4 _a951.9304/1
_223
100 1 _aArmstrong, Charles K.
245 1 4 _aThe North Korean revolution, 1945-1950
_h[electronic resource] /
_cCharles K. Armstrong.
260 _aIthaca :
_bCornell University Press,
_c2003.
300 _axv, 265 p. :
_bill.
490 0 _aStudies of the East Asian Institute
504 _aIncludes bibliographical references and index.
533 _aElectronic reproduction.
_bPalo Alto, Calif. :
_cebrary,
_d2013.
_nAvailable via World Wide Web.
_nAccess may be limited to ebrary affiliated libraries.
650 0 _aRevolutions
_zKorea (North)
_xHistory
_y20th century.
651 0 _aKorea (North)
_xHistory
_y20th century.
655 7 _aElectronic books.
_2local
710 2 _aebrary, Inc.
856 4 0 _uhttp://site.ebrary.com/lib/rucke/Doc?id=10713283
_zAn electronic book accessible through the World Wide Web; click to view
999 _c16059
_d16059